000 00390cam a2200157ua 4500
041 _aeng
_h
082 _a200.1
_bSUT/RE
100 _aSutherland, Halliday .
245 _aReligio medici /
_cHalliday Sutherland.
_hTextual Documents
250 _a1 /
_b.
260 _aLondon :
_bJ M Dent and Sons Ltd ,
_c1962.
300 _a296 ; .
504 _a
942 _cBK
999 _c2236
_d2236